000 00684nam a2200253Ia 4500
003 OSt
005 20220918163249.0
006 a|||||r|||| 00| 0
007 ta
008 220917b |||||||| |||| 00| 0 eng d
020 _a0 460 03453 7
024 _a21,863
037 _cTextual
040 _aARTS
_cARTS
_beng
041 _2eng
_aeng
082 _aO111,3M57,18, J7;L7
100 _aConard J.
_912359
245 0 _aNostromo
_b A tale of the seaboard
260 _aLondon
_bJ M Dent and sons UK
_c1974
300 _axxiii, 581p.
_ccm.
650 _aENGLISH LITERATURE
942 _hO111,3M57,18, J7;L7
_cTEXL
_2CC
999 _c118789
_d118789